header

Character emotion in 2d and 3d animation (Record no. 34211)

MARC details
000 -LEADER
fixed length control field 01126nam a22003014a 4500
100 1# - MAIN ENTRY--AUTHOR NAME
Personal name Pardew, Les.
245 10 - TITLE STATEMENT
Title Character emotion in 2d and 3d animation
260 ## - PUBLICATION, DISTRIBUTION, ETC. (IMPRINT)
Place of publication Boston, MA :
Name of publisher Thomson Course Technology,
Year of publication c2008.
300 ## - PHYSICAL DESCRIPTION
Number of Pages vii, 249 p. :
Other physical details ill. (some col.).
500 ## - GENERAL NOTE
General note Includes index.
650 #0 - SUBJECT ADDED ENTRY--TOPICAL TERM
Topical Term Computer animation.
Topical Term Emotions in art.
856 40 - ELECTRONIC LOCATION AND ACCESS
Uniform Resource Identifier http://site.ebrary.com/lib/rucke/Doc?id=10255066

No items available.

© 2026 Rongo University
Contact us: librarian | system librarian | Rongo university